000 00693cam a22002172 4500
001 0000021032
005 20151021152604.0
008 120109s xx 000 0 eng d
020 _a8173811547 :
040 _aKABU
_cKABU
100 1 _aMukherjee, Sampat.
_@0000149965
245 1 0 _aBusiness and managerial economics [ in the global context] /
_cSampat Mukherjee.
250 _a3rd ed.
260 _aKolkota, India :
_bNew Central Book Agency,
_c1996.
300 _aviii, 902 p.
650 0 _aBusiness.
_@0000149956
650 0 _aManagerial economics.
_@0000150546
852 1 _9p750 KES
908 _a120109
950 _@1
999 _c1615
_d1615